00601nam a2200145Ia 4500999001500000020001800015082001600033245012900049260005800178300001500236650006100251700001900312942000700331952011700338 c1170d1170 a971-1022-52-4 aRR 506 DIR; 0aDirectory of institutions and scientists in the ASEAN region involved in research and/or management related to coastal areas aManilabInternational Centre for Living Aquaticc1989 axix, 373p. aInstitutions and scientists - Directories - ASEAN Region aThia-Eng, Chua cBK 00104070aNASSDOCbNASSDOCd2004-06-08i2004-10-22l0oRR 506 DIR;p29808r2019-04-18 00:00:00w2019-04-18yBK